[Event "ESP-ch U14 rapid"]
[Site "Salobrena"]
[Date "2024.07.21"]
[Round "9"]
[White "Ballo Serrano, Jan"]
[Black "Sergooris, Danail Jurgen"]
[Result "1/2-1/2"]
[WhiteElo "1788"]
[BlackElo "1907"]
[PlyCount "85"]
[EventDate "2024.07.20"]
[EventType "swiss (rapid)"]
[EventRounds "9"]
[EventCountry "ESP"]
[SourceTitle "CBM 221 Extra"]
[Source "ChessBase"]
[SourceDate "2024.09.30"]
[SourceVersion "1"]
[SourceVersionDate "2024.09.30"]
[SourceQuality "1"]

1. e4 c5 2. Nf3 d6 3. d4 Nf6 4. dxc5 Nxe4 5. cxd6 Nc6 6. Be3 Nxd6 7. Nc3 g6 8. Bd3 Bg7 9. 0-0 0-0 10. h3 Nf5 11. Bf4 Re8 12. Re1 Qb6 13. Nd5 Qxb2 14. Rb1 Qxa2 15. Nc7 Be6 16. Nxa8 Rxa8 17. Rxb7 Rd8 18. Qb1 Qa4 19. Bc7 Rxd3 20. cxd3 Nfd4 21. Nxd4 Bxd4 22. Rb5 Ba2 23. Rb8+ Nxb8 24. Qxb8+ Kg7 25. Be5+ Bxe5 26. Qxe5+ Kg8 27. Qxe7 Be6 28. Rb1 Kg7 29. Rb7 Qa1+ 30. Kh2 Qe5+ 31. g3 Qd4 32. Kg2 Bd5+ 33. f3 Bxb7 34. Qxb7 a5 35. Qb3 a4 36. Qa3 Kf6 37. g4 Kg7 38. h4 h5 39. g5 Qxh4 40. Qc3+ Kh7 41. Qf6 Kg8 42. Qd8+ Kg7 43. Qf6+ 1/2-1/2

[Event "ESP-ch U14 rapid"]
[Site "Salobrena"]
[Date "2024.07.21"]
[Round "8"]
[White "Sergooris, Danail Jurgen"]
[Black "Palomo Monserrat, Lorenzo"]
[Result "0-1"]
[WhiteElo "1907"]
[BlackElo "1793"]
[PlyCount "146"]
[EventDate "2024.07.20"]
[EventType "swiss (rapid)"]
[EventRounds "9"]
[EventCountry "ESP"]
[SourceTitle "CBM 221 Extra"]
[Source "ChessBase"]
[SourceDate "2024.09.30"]
[SourceVersion "1"]
[SourceVersionDate "2024.09.30"]
[SourceQuality "1"]

1. e4 c5 2. Nc3 Nc6 3. Nge2 g6 4. d4 cxd4 5. Nxd4 Bg7 6. Nde2 Nf6 7. g3 d6 8. Bg2 0-0 9. 0-0 Bd7 10. h3 Ne5 11. f4 Nc4 12. b3 Qb6+ 13. Kh2 Ne3 14. Bxe3 Qxe3 15. Rf3 Qc5 16. Rc1 b5 17. Rd3 Rfc8 18. e5 dxe5 19. Bxa8 Rxa8 20. Rxd7 Nxd7 21. Qxd7 Qf2+ 22. Kh1 Qf3+ 23. Kg1 exf4 24. Qd3 Qxd3 25. cxd3 b4 26. Nd5 fxg3 27. Nxg3 Rd8 28. Nxb4 a5 29. Nc6 Rxd3 30. Ne4 Rxh3 31. Nxa5 Bd4+ 32. Kg2 Re3 33. Ng3 Be5 34. Nf1 Re2+ 35. Kf3 Rxa2 36. Nc6 Bd6 37. Rb1 h5 38. b4 h4 39. Kg4 Rc2 40. b5 Rc4+ 41. Kh3 g5 42. Na7 f5 43. b6 Rc3+ 44. Kg2 h3+ 45. Kh1 g4 46. b7 g3 47. b8Q+ Bxb8 48. Rxb8+ Kf7 49. Rb1 g2+ 50. Kh2 Rb3 51. Rc1 gxf1Q 52. Rxf1 e6 53. Nc6 Rc3 54. Nd4 Kf6 55. Nf3 e5 56. Ng1 f4 57. Nxh3 Kf5 58. Kg2 Rg3+ 59. Kh2 Kg4 60. Nf2+ Kf5 61. Nh3 Ke4 62. Re1+ Re3 63. Rf1 Kd3 64. Kg2 Re2+ 65. Kg1 Ke3 66. Ng5 e4 67. Nh3 f3 68. Nf2 Kf4 69. Rd1 e3 70. Rd4+ Ke5 71. Re4+ Kf5 72. Re8 exf2+ 73. Kf1 Rxe8 0-1

[Event "ESP-ch U14 rapid"]
[Site "Salobrena"]
[Date "2024.07.20"]
[Round "1"]
[White "Lorente Melcon, Hector"]
[Black "Sergooris, Danail Jurgen"]
[Result "1/2-1/2"]
[WhiteElo "1632"]
[BlackElo "1907"]
[PlyCount "65"]
[EventDate "2024.07.20"]
[EventType "swiss (rapid)"]
[EventRounds "9"]
[EventCountry "ESP"]
[SourceTitle "CBM 221 Extra"]
[Source "ChessBase"]
[SourceDate "2024.09.30"]
[SourceVersion "1"]
[SourceVersionDate "2024.09.30"]
[SourceQuality "1"]

1. e4 c5 2. Nf3 d6 3. d4 cxd4 4. Nxd4 Nf6 5. Nc3 Nc6 6. Be3 e5 7. Ndb5 a6 8. Na3 b5 9. Nd5 Rb8 10. f3 Be7 11. Be2 0-0 12. 0-0 Be6 13. Qd2 Bxd5 14. exd5 Nd4 15. Bxd4 exd4 16. Qxd4 Nd7 17. c3 Bf6 18. Qd2 Re8 19. Nc2 Qb6+ 20. Kh1 Nf8 21. Bd3 Rbc8 22. Rfe1 a5 23. Na3 b4 24. cxb4 axb4 25. Nc4 Qc5 26. Rac1 Rxe1+ 27. Rxe1 Nd7 28. f4 g6 29. Be2 Nb6 30. Nxb6 Qxb6 31. Bf3 b3 32. axb3 Qxb3 33. h3 1/2-1/2

[Event "ESP-ch U14"]
[Site "Salobrena"]
[Date "2024.07.19"]
[Round "7"]
[White "Sergooris, Danail Jurgen"]
[Black "Perea Fruet, Federico"]
[Result "0-1"]
[WhiteElo "1953"]
[BlackElo "2067"]
[PlyCount "112"]
[EventDate "2024.07.15"]
[EventType "swiss"]
[EventRounds "9"]
[EventCountry "ESP"]
[SourceTitle "EXT 2025"]
[Source "ChessBase"]
[SourceDate "2024.10.14"]
[SourceVersion "1"]
[SourceVersionDate "2024.10.14"]
[SourceQuality "1"]

1. e4 c6 2. d4 d5 3. e5 Bf5 4. h4 a6 5. Bd3 Bxd3 6. Qxd3 e6 7. Bg5 Ne7 8. Nf3 h6 9. Be3 Nf5 10. Nbd2 Be7 11. g4 Nxe3 12. fxe3 Nd7 13. e4 Nf8 14. 0-0-0 Qd7 15. Rdf1 0-0-0 16. exd5 cxd5 17. Kb1 Kb8 18. Rc1 Ng6 19. h5 Nf8 20. c4 Nh7 21. c5 Rc8 22. Rc3 Ng5 23. Rhc1 Rc6 24. R1c2 f5 25. exf6 Bxf6 26. Nxg5 Bxg5 27. Nb3 Qc7 28. Rf2 Bf6 29. Rc1 Re8 30. Rcf1 e5 31. dxe5 Qxe5 32. Rd2 Qe4 33. Qxe4 dxe4 34. Re2 e3 35. Rf3 Bg5 36. Kc2 a5 37. Kd3 a4 38. Nd4 Rxc5 39. Nf5 Rd8+ 40. Ke4 Rd2 41. Rexe3 Bxe3 42. Rxe3 Rxb2 43. Ra3 Rc4+ 44. Kf3 Rbb4 45. Ne3 Rf4+ 46. Kg3 b5 47. Rd3 Rfd4 48. Rc3 Rb2 49. Nf5 Rc4 50. Ra3 Rcc2 51. Nxg7 Rxa2 52. Rd3 b4 53. Rd6 b3 54. Rxh6 b2 55. Rb6+ Ka7 56. Rb4 Rc3+ 0-1

[Event "Llinars del Valles op 4th"]
[Site "Llinars del Valles"]
[Date "2024.06.28"]
[Round "4"]
[White "Sergooris, Danail Jurgen"]
[Black "Juan Noble, Arnau"]
[Result "1-0"]
[WhiteElo "1887"]
[BlackElo "1744"]
[PlyCount "115"]
[EventDate "2024.06.25"]
[EventType "swiss"]
[EventRounds "9"]
[EventCountry "ESP"]
[SourceTitle "CBM 221 Extra"]
[Source "ChessBase"]
[SourceDate "2024.09.30"]
[SourceVersion "1"]
[SourceVersionDate "2024.09.30"]
[SourceQuality "1"]

1. e4 e5 2. Nf3 Nc6 3. Bc4 Bc5 4. c3 Nf6 5. d3 0-0 6. Nbd2 d5 7. exd5 Nxd5 8. Ne4 Be7 9. 0-0 Bg4 10. Re1 Na5 11. Bb5 a6 12. Ba4 b5 13. Bc2 Nc6 14. h3 Bh5 15. Ng3 Bg6 16. Nxe5 Nxe5 17. Rxe5 c6 18. Re1 Qc7 19. d4 Kh8 20. Be4 f5 21. Bxd5 cxd5 22. Bf4 Bd6 23. Bxd6 Qxd6 24. Nf1 f4 25. f3 Bf5 26. Re5 Rae8 27. Rxe8 Rxe8 28. Qd2 g5 29. Re1 Re6 30. Rxe6 Qxe6 31. Kf2 Kg7 32. Qe2 Qxe2+ 33. Kxe2 Bb1 34. a3 Ba2 35. Nd2 a5 36. b3 Kg6 37. Kf2 h5 38. a4 bxa4 39. bxa4 Kf5 40. g4+ fxg3+ 41. Kxg3 h4+ 42. Kg2 Ke6 43. Kf2 Kf6 44. Ke2 Ke6 45. Kd3 Kf6 46. Kc2 Kf5 47. Kb2 Kf4 48. Kxa2 Kg3 49. c4 Kxh3 50. cxd5 Kg2 51. d6 h3 52. d7 h2 53. d8Q h1Q 54. Qxg5+ Kf2 55. Qxa5 Qc1 56. Ne4+ Kf1 57. Qb5+ Ke1 58. Qb1 1-0

[Event "Barcelona Sant Marti op 10th"]
[Site "Barcelona"]
[Date "2023.02.16"]
[Round "6"]
[White "Sergooris, Danail Jurgen"]
[Black "Poyato Duran, David"]
[Result "0-1"]
[WhiteElo "1499"]
[BlackElo "1701"]
[PlyCount "42"]
[EventDate "2023.01.12"]
[EventType "swiss"]
[EventRounds "9"]
[EventCountry "ESP"]
[SourceTitle "CBM 213 Extra"]
[Source "ChessBase"]
[SourceDate "2023.05.31"]
[SourceVersion "1"]
[SourceVersionDate "2023.05.31"]
[SourceQuality "1"]

1. e4 d5 2. exd5 Nf6 3. c4 Bg4 4. Be2 Bxe2 5. Nxe2 c6 6. dxc6 Nxc6 7. Nbc3 Qd3 8. Qb3 0-0-0 9. 0-0 e5 10. Qa4 Bc5 11. a3 Nd4 12. Nxd4 Rxd4 13. b3 Rf4 14. Qb5 Bxf2+ 15. Rxf2 Qd4 16. Kh1 Qxf2 17. h3 Qe1+ 18. Kh2 Rf1 19. Qc5+ Kb8 20. g3 Rh1+ 21. Kg2 Qf1# 0-1

[Event "ESP-ch U12"]
[Site "Salobrena"]
[Date "2022.07.12"]
[Round "3"]
[White "Sala Esquiva, Miguel"]
[Black "Sergooris, Danail Jurgen"]
[Result "1/2-1/2"]
[WhiteElo "1463"]
[BlackElo "1202"]
[PlyCount "142"]
[EventDate "2022.07.04"]
[EventType "swiss"]
[EventRounds "9"]
[EventCountry "ESP"]
[SourceTitle "EXT 2023"]
[Source "ChessBase"]
[SourceDate "2022.10.05"]
[SourceVersion "1"]
[SourceVersionDate "2022.10.05"]
[SourceQuality "1"]

1. d4 Nf6 2. Nf3 g6 3. Nc3 Bg7 4. Bg5 0-0 5. e4 d6 6. Bc4 c6 7. h3 Nxe4 8. Nxe4 d5 9. Bxd5 cxd5 10. Nc3 a6 11. Qd2 Nc6 12. Bh6 e6 13. h4 Re8 14. Bxg7 Kxg7 15. h5 Rh8 16. 0-0-0 Bd7 17. hxg6 hxg6 18. Ne5 Nxe5 19. dxe5 Qc7 20. Qf4 Qd8 21. Rxh8 Qxh8 22. Rd3 Qh6 23. Qxh6+ Kxh6 24. Rf3 Kg7 25. Ne2 Rf8 26. Rc3 Bc6 27. Nd4 Rc8 28. Rb3 b5 29. a4 bxa4 30. Rb6 Bb5 31. Nxb5 axb5 32. Rxb5 Ra8 33. Kb1 a3 34. Rb3 axb2 35. Kxb2 Ra4 36. Re3 Rc4 37. Kb3 Kh6 38. Rf3 Kg7 39. Rc3 Re4 40. Re3 Rc4 41. c3 Kh6 42. Rf3 Kg7 43. Kc2 Re4 44. Re3 Rc4 45. Kd3 Kh6 46. Rf3 Kg7 47. Rh3 Re4 48. Re3 Rc4 49. g3 Kh6 50. Rf3 Kg7 51. Ke2 Re4+ 52. Re3 Rc4 53. f4 Kf8 54. Kf3 Kg7 55. Kg4 Kh6 56. Kh4 Ra4 57. Re1 Rc4 58. Re3 Ra4 59. Rf3 Rc4 60. g4 Re4 61. g5+ Kg7 62. Kg4 Rc4 63. Kg3 Re4 64. Kf2 Rc4 65. Ke2 Re4+ 66. Kd3 Rc4 67. Kc2 Re4 68. Kb2 Rc4 69. Kb3 Re4 70. Rf1 Rc4 71. Rf3 Re4 1/2-1/2